000 00199nam a2200085 4500
001 1239823
005 20251008110154.0
245 _aHZ. AİŞE
_cHİLAL ÇELİKKOL KARA
260 _bNESİL ÇOCUK YAYINLARI
999 _c1239823
_d1239823